| 000 | 00652nam a2200241Ia 4500 | ||
|---|---|---|---|
| 003 | OSt | ||
| 005 | 20220928124652.0 | ||
| 006 | a|||||r|||| 00| 0 | ||
| 007 | ta | ||
| 008 | 220927b |||||||| |||| 00| 0 eng d | ||
| 024 | _a40376 | ||
| 037 | _cTextual | ||
| 040 |
_aSDCL _cSDCL _beng |
||
| 041 |
_2eng _aeng |
||
| 082 | _aS:437, P8 | ||
| 100 |
_aEichenbaum Howard _9466648 |
||
| 245 | 0 | _aLearning & memory. | |
| 260 |
_aNew York _b W W Norton _c2008 |
||
| 300 |
_axvi,438p+various pagination. _ccm. |
||
| 650 |
_aLearning - Psychology _9433926 |
||
| 942 |
_hS:437, P8 _cTEXL _2CC |
||
| 999 |
_c779479 _d779479 |
||